Statystyki dla Top 10 największych państw Europy według powierzchni

Kliknij tutaj aby rozwiązać quiz!

Ogólne statystyki

  • Ten quiz został rozwiązany 774 razy
  • Średni wynik to 10 z 10

Statystyki odpowiedzi

km2Państwo% Poprawnych
17 075 400Rosja
100%
675 417Francja
98%
312 679Polska
98%
504 645Hiszpania
97%
357 114Niemcy
96%
603 700Ukraina
96%
449 964Szwecja
94%
301 300Włochy
93%
324 220Norwegia
92%
338 145Finlandia
90%

Rozkład punktacji

Percentyl według liczby udzielonych odpowiedzi

Procent ludzi z każdym wynikiem

Twoja historia wyników

Nie rozwiązałeś tego quizu